书目信息 |
| 题名: |
化学肥料
|
|
| 作者: | ;《化学肥料》编写组 编 | |
| 分册: | ||
| 出版信息: | 上海 上海人民出版社 1976 |
|
| 页数: | 182页 | |
| 开本: | 19cm | |
| 丛书名: | 学工学农丛书 | |
| 单 册: | ||
| 中图分类: | TQ44 | |
| 科图分类: | ||
| 主题词: | 化学肥料 , 肥料工业 , 化学肥料 | |
| 电子资源: | ||
| ISBN: | ||
| 000 | 00743nam2 2200265 45 | |
| 001 | 0176002119 | |
| 005 | 20060801082500.81 | |
| 010 | @dCNY0.33 | |
| 100 | @a19951013d1976 em y0chiy0121 ea | |
| 101 | 0 | @achi |
| 102 | @aCN@b310000 | |
| 105 | @ay z 000yy | |
| 200 | 10 | @a化学肥料@Ahua xue fei liao@f《化学肥料》编写组编@F《hua xue fei liao》bian xie zu bian |
| 210 | @a上海@c上海人民出版社@d1976 | |
| 215 | @a182页@d19cm | |
| 225 | 2 | @a学工学农丛书 |
| 410 | 0 | @120010@a学工学农丛书 |
| 606 | 0 | @a化学肥料 |
| 606 | 0 | @a肥料工业 |
| 606 | @a化学肥料 | |
| 690 | @aTQ44@v3 | |
| 711 | 0 | @a《化学肥料》编写组@A《hua xue fei liao》bian xie zu@4编 |
| 801 | 2 | @aCN@bNLC@c20060801 |
| 801 | 0 | @aCN@bTSSF@c20060418 |
| 905 | @a10447@dTQ44@e6 | |
| 化学肥料/《化学肥料》编写组编.-上海:上海人民出版社,1976 |
| 182页;19cm.-(学工学农丛书) |
| ISBN :CNY0.33 |
| ● |
| 相关链接 |
|
|
|
|
正题名:化学肥料
索取号:TQ44/6
 
预约/预借
| 序号 | 登录号 | 条形码 | 馆藏地/架位号 | 状态 | 备注 |
| 1 | 0017394 | 001693796 | 密集书库/ [索取号:TQ44/6] | 在馆 | |
| 2 | 0017395 | 202249147 | 密集书库/ [索取号:TQ44/6] | 在馆 | |
| 3 | 0439246 | 204392460 | 密集书库/ [索取号:TQ44/6] | 在馆 |